| 000 | 00000nas 2200000zi 4500 |
| 001 | 9.939865 |
| 003 | CaOODSP |
| 005 | 20250624101133 |
| 006 | m o d f |
| 007 | cr bn |||||||| |
| 008 | 240626c20209999oncar p o f0### 0fre|d |
| 040 | |aCaOODSP|bfre|erda|cCaOODSP |
| 043 | |an-cn--- |
| 086 | 1 |aD95-19F-PDF |
| 110 | 1 |aCanada. |bBureau du commissaire au renseignement, |eauteur, |eorganisme de publication. |
| 245 | 10|aÉtat des résultats prospectifs (non audité) pour l’exercice terminé le 31 mars (en dollars). |
| 246 | 1 |iLes livraisons de 2020/2021-2021/2022 comportent le titre : |aÉtat des résultants prospectifs (non audité) pour l’exercice terminé le 31 mars (en dollars) |
| 264 | 1|a[Ottawa] : |bBureau du commissaire au renseignement, |c[2020]- |
| 310 | |aAnnuel |
| 336 | |atexte|btxt|2rdacontent/fre |
| 337 | |ainformatique|bc|2rdamedia/fre |
| 338 | |aressource en ligne|bcr|2rdacarrier/fre |
| 362 | 1 |aParaît depuis : Résultats projetés 2019/2020. |
| 500 | |aPublié aussi en anglais sous le titre : Future-oriented statement of operations (unaudited) for the year ended March 31 (in dollars). |
| 588 | |aDescription d'après : Résultats projetés 2019/2020; titre de départ du fichier PDF. |
| 588 | |aDernière livraison consultée : Résultats projetés 2023/2024. |
| 610 | 16|aCanada. |bBureau du commissaire au renseignement|xCrédits budgétaires et dépenses|vPériodiques. |
| 650 | 6|aFinances publiques|zCanada|xPrévision|vPériodiques. |
| 655 | 7|aPériodiques|2rvmgf |
| 775 | 08|tFuture-oriented statement of operations (unaudited) for the year ended March 31 (in dollars).|w(CaOODSP)9.939866 |